000 00372 a2200169 4500
001 145374
040 _cLeonardo Da Vinci
041 _aPortuguês
082 _aI B918s
_bB918s
100 _aBUCHWEITZ, Clécia A.
245 _aSuper motos
260 _bWkids
_c2004
_aSão Paulo
300 _a8
362 _a20040000
697 _aLiteratura infantil
942 _cBK
999 _c145374
_d145374